00350nam a2200169Ia 4500003000400000005001700004008004100021040000700062041000800069082001300077100001900090245001300109260001800122300000900140650001200149700001900161OSt20260220154851.0250729s1986 xx 000 0 und d cAL aeng a420 DURC aDurr William K aCaravans aAtlantac1986 a384p aEnglish aRao Digumurthi